000 00504nam a2200181Ia 4500
003 GCL
008 140319s9999 xx 000 0 ara d
040 _aGCL /
_cGCL
082 0 4 _a230
_bن ا
100 1 _aنشأت المصرى
245 1 0 _aالاحاديث القدسية /
_cنشأت المصرى
260 _a[S.N] :
_bدار احياء الكتب العربية
300 _a473 ص
490 _a
650 0 4 _aالاسلام
650 0 4 _aالاحاديث القدسية
942 _2ddc
_cBK
999 _c27600
_d27600